|
|
|
|
| LEADER |
01014cam a2200277 a 4500 |
| 001 |
c000318570 |
| 003 |
CARM |
| 005 |
20001114202007.0 |
| 008 |
740228s1973 fr b 001 0 fre |
| 010 |
|
|
|a 74155644 //r963
|
| 015 |
|
|
|a F***
|
| 019 |
1 |
|
|a 317310
|5 LACONCORD2021
|
| 035 |
|
|
|a (OCoLC)836012
|5 LACONCORD2021
|
| 040 |
|
|
|a LC
|b eng
|c LC
|d LC
|
| 050 |
0 |
0 |
|a PQ2463.B653
|b C5
|
| 100 |
1 |
|
|a Chaussivert, J. S.
|
| 245 |
1 |
2 |
|a L'art verlainien dans La bonne chanson
|c [par] J.-S. Chaussivert.
|
| 260 |
|
|
|a Paris,
|b A. G. Nizet,
|c 1973.
|
| 300 |
|
|
|a 156 p.
|c 23 cm.
|
| 504 |
|
|
|a Bibliography: p. [149]-151.
|
| 600 |
1 |
0 |
|a Verlaine, Paul,
|d 1844-1896.
|t Bonne chanson.
|
| 600 |
1 |
0 |
|a Verlaine, Paul,
|d 1844-1896
|x Literary style.
|
| 650 |
|
0 |
|a French language
|y 19th century
|x Style.
|
| 852 |
8 |
|
|b CARM
|h A1:AL28B0
|i B10136
|p 0450467
|f BK
|
| 999 |
f |
f |
|i 5b749422-11c9-5d00-a168-4809383387cd
|s 85c2163f-d746-5229-bd4e-3072a77e5a01
|
| 952 |
f |
f |
|p Can circulate
|a CAVAL
|b CAVAL
|c CAVAL
|d CARM 1 Store
|e B10136
|f A1:AL28B0
|h Other scheme
|i book
|m 0450467
|